000 01282nam a2200325Ia 4500
001 ebr10255870
003 CaPaEBR
006 m u
007 cr cn|||||||||
008 011221s2001 njua sb 001 0 eng d
010 _z 2001279225
020 _z9789810245283
020 _z9810245289
040 _aCaPaEBR
_cCaPaEBR
035 _a(OCoLC)261337097
050 1 4 _aQC787.P7
_bW54 2001eb
100 1 _aWieszczycka, Wioletta.
245 1 0 _aProton radiotherapy accelerators
_h[electronic resource] /
_cWioletta Wieszczycka, Waldemar H. Scharf.
260 _aRiver Edge, NJ :
_bWorld Scientific,
_cc2001.
300 _axvii, 323 p. :
_bill.
504 _aIncludes bibliographical references (p. 307-317) and index.
533 _aElectronic reproduction.
_bPalo Alto, Calif. :
_cebrary,
_d2009.
_nAvailable via World Wide Web.
_nAccess may be limited to ebrary affiliated libraries.
650 0 _aProton accelerators.
650 0 _aRadiotherapy, High energy
_xEquipment and supplies.
650 0 _aParticles (Nuclear physics)
655 7 _aElectronic books.
_2local
700 1 _aScharf, Waldemar.
710 2 _aebrary, Inc.
856 4 0 _uhttp://site.ebrary.com/lib/rucke/Doc?id=10255870
_zAn electronic book accessible through the World Wide Web; click to view
999 _c34865
_d34865